Los aspectos pastorales de las cartas del apocalipsis de Juan: implicaciones teológico pastorales desde América Latina

Spremljeno u:
Bibliografski detalji
Glavni autor: Silva, Geoval Jacinto da (Autor)
Format: Knjiga
Jezik:španjolski
Izdano: Madrid Arteprinter 1988
Teme:
Oznake: Dodaj oznaku
Bez oznaka, Budi prvi tko označuje ovaj zapis!

MARC

LEADER 00000nam a2200000 a 4500
001 UCW9280
003 CL-VaPUC
008 890111e19880000SP |||||||||||||||||spa|d
082 0 4 |a 228  |b SIL  |2 21 
100 0 |a Silva, Geoval Jacinto da  |e author  |9 314499 
245 1 4 |a Los aspectos pastorales de las cartas del apocalipsis de Juan: implicaciones teológico pastorales desde América Latina 
300 |a 475 p 
942 |c BK 
945 |d 19890111 00:00:00 
260 |a Madrid  |b Arteprinter  |c 1988 
650 0 |a Biblia  |9 257603 
650 0 |a Apocalipsis (Revelación)  |9 314500 
650 0 |a Teología pastoral   |9 257832 
583 |a last modification  |c 19890111 00:00:00  |k Rodrigo Vera 
999 |c 221300  |d 221298 
952 |0 0  |1 0  |4 0  |6 228_000000000000000_SIL_1988  |7 0  |8 A  |9 214476  |a BIBTEO  |b BIBTEO  |d 2019-11-15  |i 2830604  |o 228 SIL 1988  |p 2830604  |r 2025-01-17  |w 2019-11-15  |y BK  |k ICR